<?xml version="1.0" encoding="UTF-8"?>
<record
    xmlns:xsi="http://www.w3.org/2001/XMLSchema-instance"
    xsi:schemaLocation="http://www.loc.gov/MARC21/slim http://www.loc.gov/standards/marcxml/schema/MARC21slim.xsd"
    xmlns="http://www.loc.gov/MARC21/slim">

  <leader>00495    a2200157   4500</leader>
  <datafield tag="020" ind1=" " ind2=" ">
    <subfield code="a">N/S</subfield>
  </datafield>
  <datafield tag="040" ind1=" " ind2=" ">
    <subfield code="a">ISPLB</subfield>
  </datafield>
  <datafield tag="082" ind1=" " ind2=" ">
    <subfield code="b">658.3</subfield>
  </datafield>
  <datafield tag="100" ind1=" " ind2=" ">
    <subfield code="9">1024</subfield>
    <subfield code="a">PEREIRA,Eliciana</subfield>
  </datafield>
  <datafield tag="245" ind1=" " ind2=" ">
    <subfield code="a">Como Planejar uma Negocia&#x227;o Utilizando um Modelo de Servi&#x22F; do Tipo Help Desk </subfield>
  </datafield>
  <datafield tag="260" ind1=" " ind2=" ">
    <subfield code="a">Curiba, </subfield>
    <subfield code="b">Universidade federal do parana </subfield>
    <subfield code="c">2002.</subfield>
  </datafield>
  <datafield tag="300" ind1=" " ind2=" ">
    <subfield code="a">71p</subfield>
  </datafield>
  <datafield tag="650" ind1=" " ind2=" ">
    <subfield code="a">Recursos Humanos</subfield>
  </datafield>
  <datafield tag="670" ind1=" " ind2=" ">
    <subfield code="u">https://drive.google.com/file/d/1npzvdNeD7ka_apACu6943j2AJQoTcDbP/view?usp=sharing</subfield>
  </datafield>
  <datafield tag="942" ind1=" " ind2=" ">
    <subfield code="c">LIV-ELE</subfield>
  </datafield>
  <datafield tag="999" ind1=" " ind2=" ">
    <subfield code="c">2198</subfield>
    <subfield code="d">2198</subfield>
  </datafield>
  <datafield tag="952" ind1=" " ind2=" ">
    <subfield code="0">0</subfield>
    <subfield code="1">0</subfield>
    <subfield code="2">ddc</subfield>
    <subfield code="4">0</subfield>
    <subfield code="7">0</subfield>
    <subfield code="a">ISPLB</subfield>
    <subfield code="b">ISPLB</subfield>
    <subfield code="d">2026-04-16</subfield>
    <subfield code="i">13(1)</subfield>
    <subfield code="l">0</subfield>
    <subfield code="o">658.3</subfield>
    <subfield code="p">2026-0118</subfield>
    <subfield code="r">2026-04-16</subfield>
    <subfield code="u">https://drive.google.com/file/d/1npzvdNeD7ka_apACu6943j2AJQoTcDbP/view?usp=sharing</subfield>
    <subfield code="w">2026-04-16</subfield>
    <subfield code="y">LIV-ELE</subfield>
  </datafield>
</record>
